LIBRARY ONLINE CATALOGUE

The blessings of brokenness : (Record no. 20786)

MARC details
000 -LEADER
fixed length control field 01399pam a2200361 a 4500
001 - CONTROL NUMBER
control field 4962291
003 - CONTROL NUMBER IDENTIFIER
control field OSt
005 - DATE AND TIME OF LATEST TRANSACTION
control field 20251128142653.0
008 - FIXED-LENGTH DATA ELEMENTS--GENERAL INFORMATION
fixed length control field 970415s1997 miu 000 0 eng
010 ## - LIBRARY OF CONGRESS CONTROL NUMBER
LC control number 97019222
020 ## - INTERNATIONAL STANDARD BOOK NUMBER
International Standard Book Number 0310200261
Qualifying information alk. paper
020 ## - INTERNATIONAL STANDARD BOOK NUMBER
International Standard Book Number 9780310200260
Qualifying information (alk. paper)
035 ## - SYSTEM CONTROL NUMBER
System control number 4962291
040 ## - CATALOGING SOURCE
Original cataloging agency DLC
Transcribing agency DLC
Modifying agency DLC
050 00 - LIBRARY OF CONGRESS CALL NUMBER
Classification number BV4909
Item number .S72 1997
082 00 - DEWEY DECIMAL CLASSIFICATION NUMBER
Classification number 248.8/6
Edition number 21
100 1# - MAIN ENTRY--PERSONAL NAME
Personal name Stanley, Charles F.
245 14 - TITLE STATEMENT
Title The blessings of brokenness :
Remainder of title why God allows us to go through hard times /
Statement of responsibility, etc. Charles Stanley.
260 ## - PUBLICATION, DISTRIBUTION, ETC. (IMPRINT)
Place of publication, distribution, etc. Grand Rapids, Mich. :
Name of publisher, distributor, etc. Zondervan,
Date of publication, distribution, etc. c1997.
300 ## - PHYSICAL DESCRIPTION
Extent 158 p. ;
Dimensions 19 cm.
336 ## - CONTENT TYPE
Content type term text
Content type code txt
Source rdacontent
337 ## - MEDIA TYPE
Media type term unmediated
Media type code n
Source rdamedia
338 ## - CARRIER TYPE
Carrier type term volume
Carrier type code nc
Source rdacarrier
650 #0 - SUBJECT ADDED ENTRY--TOPICAL TERM
Topical term or geographic name as entry element Suffering
General subdivision Religious aspects
-- Christianity.
650 #0 - SUBJECT ADDED ENTRY--TOPICAL TERM
Topical term or geographic name as entry element Consolation.
856 42 - ELECTRONIC LOCATION AND ACCESS
Materials specified Publisher description
Uniform Resource Identifier <a href="http://www.loc.gov/catdir/enhancements/fy0633/97019222-d.html">http://www.loc.gov/catdir/enhancements/fy0633/97019222-d.html</a>
856 41 - ELECTRONIC LOCATION AND ACCESS
Materials specified Table of contents only
Uniform Resource Identifier <a href="http://www.loc.gov/catdir/enhancements/fy0633/97019222-t.html">http://www.loc.gov/catdir/enhancements/fy0633/97019222-t.html</a>
856 41 - ELECTRONIC LOCATION AND ACCESS
Materials specified Sample text
Uniform Resource Identifier <a href="http://www.loc.gov/catdir/enhancements/fy0642/97019222-s.html">http://www.loc.gov/catdir/enhancements/fy0642/97019222-s.html</a>
906 ## - LOCAL DATA ELEMENT F, LDF (RLIN)
a 7
b cbc
c orignew
d 1
e ocip
f 19
g y-gencatlg
942 ## - ADDED ENTRY ELEMENTS (KOHA)
Source of classification or shelving scheme Library of Congress Classification
Koha item type General Collection
Holdings
Withdrawn status Lost status Source of classification or shelving scheme Not for loan Home library Current library Shelving location Date acquired Source of acquisition Inventory number Total Checkouts Full call number Barcode Date last seen Copy number Price effective from Koha item type
    Library of Congress Classification   Kabarak, Main Campus Kabarak, Main Campus General Stacks 28/11/2025 Donation 2025/2847   BV4909 .S72 1997 C.1 39765 28/11/2025 C.1 28/11/2025 General Collection
    Library of Congress Classification   Kabarak, Main Campus Kabarak, Main Campus   28/11/2025 Donation 2025/3603   BV4909 .S72 1997 C.2 39958 28/11/2025 C.2 28/11/2025 General Collection